Anglais - 100 pluriels de noms irréguliers. - Statistiques

Statistiques générales
  • Ce quiz a été pris 7 fois
  • Le résultat moyen est 43 sur 96
Statistiques - réponses
HINT ANSWER % Correct
foot feet | foot
100%
antenna antennae | antennas
83%
cactus cacti | cactus | cactuses
83%
faux pas faux pas
83%
fish fish | fishes
83%
focus foci | focuses
83%
fungus fungi | funguses
83%
half halves
83%
larva larvae | larvas
83%
man men
83%
aircraft aircraft
67%
bureau bureaux | bureaus
67%
château châteaux | châteaus
67%
child children
67%
deer deer | deers
67%
die dice | dies
67%
dwarf dwarves | dwarfs
67%
formula formulae | formulas
67%
genus genera | genuses
67%
hoof hooves | hoofs
67%
index indices | indexes
67%
medium media | mediums
67%
nebula nebulae | nebulas
67%
quiz quizzes
67%
scarf scarves | scarfs
67%
addendum addenda | addendums
50%
alumna alumnae
50%
apex apices | apexes
50%
appendix appendices | appendixes
50%
bacterium bacteria
50%
beau beaux | beaus
50%
bison bison
50%
criterion criteria | criterions
50%
curriculum curricula | curriculums
50%
fez fezzes | fezes
50%
goose geese
50%
libretto libretti | librettos
50%
matrix matrices | matrixes
50%
memorandum memoranda | memorandums
50%
mouse mice
50%
nucleus nuclei | nucleuses
50%
opus opera | opuses
50%
ox oxen | ox
50%
phylum phyla
50%
referendum referenda | referendums
50%
self selves
50%
series series
50%
sheep sheep
50%
shrimp shrimp | shrimps
50%
species species
50%
tableau tableaux | tableaus
50%
alumnus alumni
33%
analysis analyses
33%
antithesis antitheses
33%
axis axes
33%
basis bases
33%
concerto concerti | concertos
33%
crisis crises
33%
datum data
33%
diagnosis diagnoses
33%
ellipsis ellipses
33%
erratum errata
33%
graffito graffiti
33%
grouse grouse | grouses
33%
hypothesis hypotheses
33%
loaf loaves
33%
moose moose
33%
offspring offspring | offsprings
33%
ovum ova
33%
phenomenon phenomena | phenomenons
33%
salmon salmon | salmons
33%
swine swine
33%
syllabus syllabi | syllabuses
33%
tooth teeth
33%
thief thieves
33%
tuna tuna | tunas
33%
vertebra vertebrae | vertebras
33%
vertex vertices | vertexes
33%
bacillus bacilli
17%
codex codices
17%
corpus corpora
17%
locus loci
17%
minutia minutiae
17%
oasis oases
17%
radius radii | radiuses
17%
stimulus stimuli
17%
stratum strata
17%
symposium symposia | symposiums
17%
thesis theses
17%
trout trout | trouts
17%
vita vitae
17%
vortex vortices | vortexes
17%
wharf wharves | wharfs
17%
louse lice
0%
parenthesis parentheses
0%
synopsis synopses
0%
Aucun quiz correspondant
Distribution des résultats
% des personnes avec chaque résultat
Percentile par nombre de réponses
Votre historique - résultats
Vous n’avez pas pris ce quiz